00667nam a2200205Ia 450000500170000000800410001702000250005804000190008304100120010208200170011410000170013124501100014826000410025830000250029950400500032463000320037465000140040665100310042085000100045120230523103317.0131103s9999 xx 000 0 und d aSBN 195610644cRs.80 aLoreto College aEnglish a330.954bRAY aRay,Rajat K. aIndustrialization in Indiab growth and conflict in the private corporates sector 1914 - 47 cRajat K.Ray aDelhibOxford University Pressc1979 a[6]b ill.,43 tables aIncludes bibliographical references and index aIndustrialization - India  aEconomics aIndia - Economic Condition aLCLIB